Železniční doprava
Vnútroštátne predpisy ČR pri preprave nebezpečného tovaru. Povinnosti prepravcov. Deklarácia tovaru. Preprava ľahko skaziteľného tovaru. Tovar mimoriadnych rozmerov alebo hmotnosti. Podmienky pri preprave mimoriadnych zásielok.
Salvato in:
| Autore principale: | |
|---|---|
| Natura: | Capitolo di libro |
| Lingua: | ceco |
| Soggetti: | |
| Tags: |
Nessun Tag, puoi essere il primo ad aggiungerne!!
|
MARC
| LEADER | 00000naa a2200000 4500 | ||
|---|---|---|---|
| 001 | r022921 | ||
| 005 | 20230908093134.5 | ||
| 041 | 0 | |a cze | |
| 044 | |a CZ | ||
| 245 | 1 | 0 | |a Železniční doprava |c M. Šubert |
| 520 | |a Vnútroštátne predpisy ČR pri preprave nebezpečného tovaru. Povinnosti prepravcov. Deklarácia tovaru. Preprava ľahko skaziteľného tovaru. Tovar mimoriadnych rozmerov alebo hmotnosti. Podmienky pri preprave mimoriadnych zásielok. | ||
| 610 | 2 | 0 | |a doprava železničná |
| 610 | 2 | 0 | |a Česko |
| 610 | 2 | 0 | |a preprava |
| 610 | 2 | 0 | |a zasielateľstvá |
| 610 | 2 | 0 | |a predpisy právne |
| 610 | 2 | 0 | |a doprava medzinárodná |
| 100 | 1 | |a Šubert, M. | |